000 00771nam a22002057a 4500
999 _c14393
_d14393
003 AR-CdUCM
008 190423b ||||| |||| 00| 0 spa d
040 _aMUNICIPALIDAD PROVINCIAL DEL CUSCO
_cBIBLIOTECA MUNICIPAL DEL CUSCO
082 _a323.34 /
_bP33 /1952
100 _aPaz Vargas, Azael
_933147
245 _aBases físicas de la masculinidad /
260 _aSantiago :
_bDirección general de prisiones,
_c1952.
300 _a121 páginas ;
_c25 cm.
505 _aContenido : Fases físicas de la sexualidad masculinidad -- Antecedentes historicos -- Embriología del aparato sexual -- La gonada Masculina ...
650 _aSexualidad
_99609
650 _aFísico
_922978
650 _aCuerpo humano
_918643
942 _2ddc
_cLIBROS
945 _arah
_d23/04/2019